Cuentos del abuelo /

Guardado en:
Detalles Bibliográficos
Autor principal: Langlois de Ibáñez, Marilú (autor)
Otros autores: Langlois de Ibáñez, Marilú (ilustración) (ilustración)
Formato: Libro
Idioma:Español
Publicado: Santiago, Chile : Andrés Bello, 2004, c2004
Edición:6a edición
Colección:(A Partir de 6 Años ; 162)
Temas:
Etiquetas: Agrega una etiqueta
Sin etiquetas, Sé el primero en etiquetar este registro!

MARC

LEADER 00000nam^a2200000^a^4500
001 000184975
005 20250521000000.0
009 20260310102134.029
020 |a 956-13-1477-0 
037 |a Acervo ITESO - Biblioteca 
041 |a ESP 
082 |a 808. 899282  |b LAN 
100 |a Langlois de Ibáñez, Marilú  |e (autor) 
245 1 0 |a Cuentos del abuelo /  |c M. Langlois de Ibáñez ; il. de M. Langlois de Ibáñez. 
250 |a 6a edición 
264 4 |a Santiago, Chile :  |b Andrés Bello,  |c 2004, c2004 
300 |a 118 p. 
336 |a texto  |b txt  |2 rdacontenido 
337 |a sin mediación  |b n  |2 rdamedio 
338 |a volumen  |b nc  |2 rdasoporte 
440 1 |a (A Partir de 6 Años ;  |v 162) 
649 |a XX 
650 |a Cuentos Infantiles -  |z Chile 
650 |a Cuentos Chilenos 
650 |a Literatura Infantil -  |z Chile 
650 |a Literatura de Mujeres -  |z Chile 
650 |a Literatura Chilena -  |y Siglo XX 
700 |a Langlois de Ibáñez, Marilú  |e (ilustración) 
910 |a Fondo General 
920 |a Impresos - Libros 
930 |a Colección General 
940 |a Literatura 
905 |a 101 
901 |a 0500125885  |b IT1  |c LIT  |u 20250521 
902 |a https://opac.biblio.iteso.mx/vufind/Record/000184975